000 00299nam a2200133Ia 4500
005 20260328104337.0
008 260328s9999||||xx |||||||||||||| ||und||
100 _aDaab
245 0 _aStadium Design /
_cDaab
260 _bDaab
300 _a400 p.
650 _aARQUITECTURA DEPORTIVA
942 _cBK
999 _c11950
_d11950